| 000 | 01201nam a22003497a 4500 | ||
|---|---|---|---|
| 003 | CHAP | ||
| 005 | 20220329141538.0 | ||
| 008 | 971013s1986 r 00010 d | ||
| 010 | _a69944 | ||
| 011 | _a70916 | ||
| 035 | _a80470 | ||
| 040 | _cCHAP | ||
| 082 |
_a581.1 _bL34 |
||
| 100 | 0 | 0 |
_aLeshem, Ya'acov Y. _966335 |
| 245 | _aProcesses and control of plant senescence | ||
| 260 |
_aAmsterdam : _bElsevier, _c1986 |
||
| 300 |
_a215 p. _b: ilus. ; gráfs. |
||
| 490 |
_aDevelopment in Crop Science _v; 8 |
||
| 500 | _aD18-226 | ||
| 590 |
_aBATCH-UPD _b10 _c20130110 _lUCH01 _h0505 |
||
| 590 |
_aBATCH-UPD _b10 _c20130110 _lUCH01 _h2146 |
||
| 590 |
_aCONVERSION _b10 _c20130109 _lUCH01 _h1338 |
||
| 650 | 1 | 4 |
_aPlantas _xEdad. _988815 |
| 700 | 0 |
_aFrenkel, Chain. _943177 |
|
| 700 | 0 |
_aHalevy, Abraham H. _952280 |
|
| 830 | 0 |
_aDevelopment in Crop Science _v; 8 _932251 |
|
| 901 | _aBK | ||
| 942 | _cLIBRO | ||
| 949 |
_a581.1 L34 _bBC _cLIBRO _d33724000089066 _eLIBRO _fc.3 _gI.c/e _h87848 _i80470 _si _t70.98 |
||
| 949 |
_a581.1 L34 _bBC _cLIBRO _d33724000425492 _eLIBRO _fc.2 _gI.151266 _h77807 _i80470 _si _t309.98 |
||
| 949 |
_a581.1 L34 _bBC _cLIBRO _d33724000425500 _eLIBRO _gI. 136153 _h70639 _i80470 _mDir. _si _t70.98 |
||
| 999 |
_c69944 _d69944 |
||